Soil water balance in an oak in Fontainbleau forest (Record no. 45976)
[ view plain ]
| 000 -LEADER | |
|---|---|
| fixed length control field | 00320nam a2200121Ia 4500 |
| 100 ## - MAIN ENTRY--AUTHOR NAME | |
| Personal name | Nizinski J. |
| 245 #0 - TITLE STATEMENT | |
| Title | Soil water balance in an oak in Fontainbleau forest |
| 260 ## - PUBLICATION, DISTRIBUTION, ETC. (IMPRINT) | |
| Name of publisher | Annals of Forest Science |
| Year of publication | 1989 |
| 300 ## - PHYSICAL DESCRIPTION | |
| Number of Pages | 173-186 |
| 700 ## - ADDED ENTRY--PERSONAL NAME | |
| Personal name | Saugier B |
| 942 ## - ADDED ENTRY ELEMENTS (KOHA) | |
| Koha item type | Reprints |
| Withdrawn status | Lost status | Damaged status | Not for loan | Home library | Current library | Date acquired | Serial Enumeration / chronology | Accession Number | Koha item type |
|---|---|---|---|---|---|---|---|---|---|
| Reprints | RRII Library | RRII Library | 22/12/2021 | Volume 46, Issue | P1288 | Reprints |